00293 a2200121 4500001000700000020002200007040001100029100002700040240004700067245004200114300000600156362000900162190208 a978-85-7962-132-1 cMagnum aTorero, José Roberto10aOs oito pares de sapatos de cinderelalpor10aOs oito pares de sapatos de cinderela a 0 a2012